000 00221 a2200109 4500
020 _a9780805444995
041 _aspa
100 _aDanita Thomas
245 _aInventos De Dimensiones Biblicas
942 _cBK
952 _71
999 _c24346
_d24346